| 000 | 00468nam a2200121Ia 4500 | ||
|---|---|---|---|
| 008 | 220615s9999||||xx |||||||||||||| ||und|| | ||
| 245 | 4 |
_aThe United States in the Indo-Pacific _bObama’s Legacy and the Trump Transition |
|
| 546 | _aEnglish[eng] | ||
| 650 | _aPolitical Science||International Relations||General | ||
| 700 | _aTurner, Oliver||Parmar, Inderjeet | ||
| 856 | _uhttps://library.oapen.org/bitstream/20.500.12657/44048/1/external_content.pdf | ||
| 942 | _cEB | ||
| 999 |
_c9653 _d9653 |
||